Statistics for How Many Flavors?

Click here to take the quiz!

General Stats

  • This quiz has been taken 8 times
  • The average score is 4 of 16

Answer Stats

Number of FlavorsAnswer% Correct
300Kit Kat
57%
191Oreos
57%
169Pringles
57%
179Doritos
43%
126Cheetos
29%
59M&M's
29%
64Ruffles
29%
30Takis
29%
29Fritos
14%
14Jolly Ranchers
14%
44Tostitos
14%
16Airheads
0%
51Cheez-Its
0%
19Dum-Dums
0%
36Goldfish
0%
18Twinkies
0%

Score Distribution

Percentile by Number Answered

Percent of People with Each Score

Your Score History

You have not taken this quiz